เปลี่ยนเป็นภาษาไทย

Change to English
 แสดงรายละเอียดบรรณานุกรม
  กลับหน้าหลัก

Brief Record : Get Marc (ISO 2709) : E-mail record : QR code กลับ
E-books : เกี่ยวกับ Collections
LEADER 00000nam 2200000uu 4500
001    13399128781
003     BCNR
008    250827s2568||||th 000 0 tha d
020    ^a9786166237146
041    ^atha
060  4 ^aWY100^bส743ก 2568
100 0  ^aสุขฤดี ธัชศฤงคารสกุล
245 00 ^aการรักษาโรคเบื้องต้น สำหรับพยาบาล =^bBasic medical care for nurses /^cสุขฤดี ธัชศฤงคารสกุล, สมสุข ภาณุรัตน์, ภาสกร เนตรทิพย์วัลย์, พัชรี กระจ่างโพธิ์ และ วิถี ธุระธรรม
246 31 ^aBasic medical care for nurses
250    ^aพิมพ์ครั้งที่ 3
260    ^aนนทบุรี :^bบุ๊กแอนด์กราฟิกดีไซน์,^c2568
300    ^a460 หน้า :^bภาพประกอบ, ตาราง ;^c26 ซม.
505 0  ^aบทที่ 1 ขอบเขตและบทบาทหน้าที่ของพยาบาลในการรักษาโรคเบื้องต้น -- บทที่ 2 การซักประวัติและการตรวจร่างกายตามระบบ -- บทที่ 3 การตรวจและการแปลผลทางห้องปฏิบัติการเบื้องต้น -- บทที่ 4 การใช้ยาอย่างสมเหตุผลในการรักษาโรคเบื้องต้น -- บทที่ 5 กลุ่มอาการทางผิวหนัง -- บทที่ 6 กลุ่มอาการโรคทางตา หู คอ จมูก -- บทที่ 7 กลุ่มอาการในระบบทางเดินหายใจ -- บทที่ 8 กลุ่มอาการในระบบหัวใจและหลอดเลือด และโลหิตวิทยา -- บทที่ 9 กลุ่มอาการในระบบทางเดินอาหาร -- บทที่ 10 กลุ่มอาการในระบบประสาท กล้ามเนื้อ กระดูกและข้อ -- บทที่ 11 กลุ่มอาการในระบบทางเดินปัสสาวะและระบบสืบพันธุ์ -- บทที่ 12 กลุ่มอาการฉุกเฉินที่ต้องช่วยเหลือเบื้องต้นและส่งต่อ -- บทที่ 13 การส่งต่อเพื่อการรักษา
650  4 ^aการรักษาโรค
650  4 ^aการวินิจฉัยโรค
650  4 ^aการวินิจฉัย^xการพยาบาล
700 0  ^aสมสุข ภาณุรัตน์
700 0  ^aภาสกร เนตรทิพย์วัลย์
700 0  ^aพัชรี กระจ่างโพธิ์
700 0  ^aวิถี ธุระธรรม
710 2  ^aสำนักงานตำรวจแห่งชาติ. ^bโรงพยาบาลตำรวจ.^bวิทยาลัยพยาบาลตำรวจ
999    ^aบรรณารักษ์
รายการนี้ยังไม่มีแท็ก
คุณยังไม่ได้ล็อกอิน คุณสามารถมีกิจกรรมร่วมกับเว็บไซต์ได้ แต่ต้องล็อกอินก่อน ::
  ล็อกอิน
ลำดับที่ ประเภท เลขเรียก/บาร์โค้ด สถานที่ สถานะ
1. หนังสือ
หนังสือ
WY100 ส743ก 2568 c.1 
  Barcode: 087699
ห้องสมุดสาขาหลัก
►หนังสือทั่วไป
On Shelf
*รอนำขึ้นชั้น
2. หนังสือ
หนังสือ
WY100 ส743ก 2568 c.2 
  Barcode: 087700
ห้องสมุดสาขาหลัก
►หนังสือทั่วไป
On Shelf
*รอนำขึ้นชั้น
3. หนังสือ
หนังสือ
WY100 ส743ก 2568 c.3 
  Barcode: 087701
ห้องสมุดสาขาหลัก
►หนังสือทั่วไป
On Shelf
*รอนำขึ้นชั้น
4. หนังสือ
หนังสือ
WY100 ส743ก 2568 c.4 
  Barcode: 087702
ห้องสมุดสาขาหลัก
►หนังสือทั่วไป
On Shelf
*รอนำขึ้นชั้น
5. หนังสือ
หนังสือ
WY100 ส743ก 2568 c.5 
  Barcode: 087703
ห้องสมุดสาขาหลัก
►หนังสือทั่วไป
On Shelf
*รอนำขึ้นชั้น
6. หนังสือ
หนังสือ
WY100 ส743ก 2568 c.6 
  Barcode: 087704
ห้องสมุดสาขาหลัก
►หนังสือทั่วไป
On Shelf
*รอนำขึ้นชั้น
7. หนังสือ
หนังสือ
WY100 ส743ก 2568 c.7 
  Barcode: 087705
ห้องสมุดสาขาหลัก
►หนังสือทั่วไป
On Shelf
*รอนำขึ้นชั้น
8. หนังสือ
หนังสือ
WY100 ส743ก 2568 c.8 
  Barcode: 087706
ห้องสมุดสาขาหลัก
►หนังสือทั่วไป
On Shelf
*รอนำขึ้นชั้น
9. หนังสือ
หนังสือ
WY100 ส743ก 2568 c.9 
  Barcode: 087707
ห้องสมุดสาขาหลัก
►หนังสือทั่วไป
On Shelf
*รอนำขึ้นชั้น
10. หนังสือ
หนังสือ
WY100 ส743ก 2568 c.10 
  Barcode: 087708
ห้องสมุดสาขาหลัก
►หนังสือทั่วไป
On Shelf
*รอนำขึ้นชั้น
   [แสดง 10/10 รายการ]

รายการใกล้เคียง
    ผู้แต่ง [สุขฤดี ธัชศฤงคารสกุล]

    หัวเรื่อง [การรักษาโรค]
    หัวเรื่อง [การวินิจฉัยโรค]

BibComment


ยังไม่เคยถูกคอมเมนท์

คอมเมนท์ทรัพยากรรายการนี้
  คอมเมนท์: การรักษาโรคเบื้อ..
Bib 13399128781

 
 
 

 Union Library Management : ULibM
Copyright 2026. All Rights Reserved.